[Event "EU Small Countries ol 8th"]
[Site "St Helier"]
[Date "2023.11.02"]
[Round "7.3"]
[White "Ribbegren, Karl Johan"]
[Black "Nevska, Gerda"]
[Result "1-0"]
[WhiteElo "2122"]
[BlackElo "1765"]
[PlyCount "73"]
[EventDate "2023.10.29"]
[EventType "team-tourn"]
[EventRounds "9"]
[EventCountry "GCI"]
[SourceTitle "Mega2024 Update 01"]
[Source "Chessbase"]
[SourceDate "2023.11.12"]
[SourceVersion "1"]
[SourceVersionDate "2023.11.12"]
[SourceQuality "1"]
[WhiteTeam "Monaco"]
[BlackTeam "Guernsey"]
[WhiteTeamCountry "MNC"]
[BlackTeamCountry "GCI"]

1. Nf3 Nc6 2. d4 d5 3. Bf4 Bf5 4. e3 a6 5. c4 Nb4 6. Qa4+ b5 7. Qxb4 e5 8. Qd2 exf4 9. cxb5 a5 10. Nc3 Nf6 11. a3 Ne4 12. Nxe4 dxe4 13. Ne5 fxe3 14. Qxe3 Bd6 15. Be2 h5 16. 0-0 0-0 17. f3 Bxe5 18. dxe5 exf3 19. Bxf3 Rb8 20. Bxh5 Qd3 21. Qf2 g6 22. a4 Rfe8 23. Qf4 Qb3 24. Bf3 Qxb2 25. Rfe1 Rbd8 26. g4 Rd4 27. Qg3 Bc2 28. Qf2 Red8 29. Rad1 Qc3 30. Rxd4 Rxd4 31. e6 fxe6 32. Rxe6 Bd1 33. Rxg6+ Kh7 34. Rc6 Qxf3 35. Rxc7+ Kg6 36. Qxd4 Bb3 37. Qg7# 1-0

[Event "EU-ch Cities&Town op"]
[Site "Tornelo INT"]
[Date "2023.01.29"]
[Round "?"]
[White "Ribbegren, Karl Johan"]
[Black "Melikhov, Evgeny V"]
[Result "0-1"]
[WhiteElo "2158"]
[BlackElo "2269"]
[PlyCount "40"]
[EventDate "2023.01.29"]
[EventType "team-swiss"]
[EventRounds "9"]
[EventCountry "NET"]
[SourceTitle "CBM 212 Extra"]
[Source "ChessBase"]
[SourceDate "2023.03.31"]
[SourceVersion "1"]
[SourceVersionDate "2023.03.31"]
[SourceQuality "1"]
[WhiteTeam "Monte Carlo"]
[BlackTeam "Ioannina"]
[WhiteTeamCountry "MNC"]
[BlackTeamCountry "GRE"]

1. d4 Nf6 2. Nf3 d5 3. e3 Bg4 4. Bd3 c5 5. c3 e6 6. h3 Bxf3 7. Qxf3 Nc6 8. 0-0 Bd6 9. Nd2 cxd4 10. exd4 0-0 11. Bc2 Qc7 12. Qd3 Rac8 13. a3 a6 14. Re1 e5 15. dxe5 Nxe5 16. Qd4 Rfe8 17. Kh1 Nc6 18. Rxe8+ Rxe8 19. Qd3 Re1+ 20. Nf1 Ne5 0-1

[Event "EU-ch Cities&Town op"]
[Site "Tornelo INT"]
[Date "2023.01.29"]
[Round "?"]
[White "Ribbegren, Karl Johan"]
[Black "Yasin, Hur"]
[Result "1-0"]
[WhiteElo "2158"]
[BlackElo "1872"]
[PlyCount "69"]
[EventDate "2023.01.29"]
[EventType "team-swiss"]
[EventRounds "9"]
[EventCountry "NET"]
[SourceTitle "CBM 212 Extra"]
[Source "ChessBase"]
[SourceDate "2023.03.31"]
[SourceVersion "1"]
[SourceVersionDate "2023.03.31"]
[SourceQuality "1"]
[WhiteTeam "Monte Carlo"]
[BlackTeam "Istanbul Seniors"]
[WhiteTeamCountry "MNC"]
[BlackTeamCountry "TUR"]

1. d4 Nf6 2. Nf3 g6 3. Bg5 Bg7 4. Nbd2 d5 5. e3 0-0 6. Bd3 Nbd7 7. 0-0 c5 8. c4 cxd4 9. exd4 h6 10. Bh4 dxc4 11. Nxc4 Nd5 12. Re1 N7f6 13. Qb3 Nf4 14. Bf1 Be6 15. Rad1 Bd5 16. Nfe5 g5 17. Bg3 N6h5 18. Qb4 Nxg3 19. hxg3 Ne6 20. Ne3 a5 21. Qb5 Bxa2 22. Nf5 Bd5 23. Ng4 h5 24. Nxg7 Kxg7 25. Ne3 Nc7 26. Qd3 e6 27. Nxd5 Nxd5 28. Re5 Re8 29. Rde1 Nc7 30. Qf3 f6 31. Rc5 Nd5 32. Qxh5 Qd6 33. Bd3 Ne7 34. Qh7+ Kf8 35. Bc4 1-0

[Event "Olympiad-44"]
[Site "Chennai"]
[Date "2022.08.01"]
[Round "4.2"]
[White "Gomez, John Paul"]
[Black "Ribbegren, Karl Johan"]
[Result "1-0"]
[WhiteElo "2451"]
[BlackElo "2198"]
[PlyCount "65"]
[EventDate "2022.07.29"]
[EventType "team-swiss"]
[EventRounds "11"]
[EventCountry "IND"]
[SourceTitle "CBM 210"]
[Source "ChessBase"]
[SourceDate "2022.10.31"]
[SourceVersion "1"]
[SourceVersionDate "2022.10.31"]
[SourceQuality "1"]
[WhiteTeam "Philippines"]
[BlackTeam "Monaco"]
[WhiteTeamCountry "PHI"]
[BlackTeamCountry "MNC"]

1. d4 Nf6 2. c4 g6 3. Nc3 Bg7 4. e4 d6 5. f4 0-0 6. Nf3 e5 7. fxe5 dxe5 8. d5 c6 9. Bg5 h6 10. Bh4 Nbd7 11. Bd3 g5 12. Bf2 Ng4 13. Bg1 f5 14. dxc6 bxc6 15. Qe2 Qa5 16. 0-0-0 Nc5 17. Bxc5 Qxc5 18. exf5 e4 19. Nxe4 Qa5 20. h3 Nf6 21. Nd4 Qxa2 22. Bb1 Qa1 23. Nc5 Re8 24. Qc2 Rb8 25. Ndb3 Rxb3 26. Nxb3 Qa6 27. Rhe1 Rxe1 28. Rxe1 Qb6 29. g4 a5 30. c5 Qb4 31. Nd2 Kh8 32. Qc4 Qb8 33. Qf7 1-0

[Event "EU-Cup Online Gr-I"]
[Site "Tornelo INT"]
[Date "2021.03.28"]
[Round "9.1"]
[White "Batsiashvili, Nino"]
[Black "Ribbegren, Karl Johan"]
[Result "1-0"]
[WhiteElo "2491"]
[BlackElo "2185"]
[PlyCount "69"]
[EventDate "2021.03.27"]
[EventType "team-tourn (rapid)"]
[EventRounds "9"]
[EventCountry "NET"]
[SourceTitle "CBM 201 Extra"]
[Source "ChessBase"]
[SourceDate "2021.05.31"]
[SourceVersion "1"]
[SourceVersionDate "2021.05.31"]
[SourceQuality "1"]
[WhiteTeam "Schwaebisch Hall (W)"]
[BlackTeam "Monte Carlo II"]
[WhiteTeamCountry "GER"]
[BlackTeamCountry "MNC"]

1. d4 Nf6 2. Nf3 c5 3. d5 e6 4. c4 b5 5. dxe6 fxe6 6. cxb5 d5 7. Bg5 Bd6 8. Nc3 Bb7 9. e3 0-0 10. Be2 Nbd7 11. a4 Qe8 12. a5 Rd8 13. b6 axb6 14. a6 Ba8 15. Nb5 Ne5 16. Nxd6 Nxf3+ 17. Bxf3 Rxd6 18. 0-0 Qg6 19. Bf4 Rd7 20. Qb3 Ne4 21. Rfd1 e5 22. Bxe4 Qxe4 23. Bg3 c4 24. Qxb6 d4 25. Qe6+ Rdf7 26. f3 Qxe3+ 27. Bf2 Qg5 28. h4 Qf4 29. Ra5 e4 30. Rxd4 Qc1+ 31. Kh2 exf3 32. Rg5 Qf1 33. Rxg7+ Kxg7 34. Rg4+ Kh8 35. Bd4+ 1-0

[Event "EU-Cup Online Gr-I"]
[Site "Tornelo INT"]
[Date "2021.03.28"]
[Round "7.1"]
[White "Muradli, Mahammad"]
[Black "Ribbegren, Karl Johan"]
[Result "1-0"]
[WhiteElo "2449"]
[BlackElo "2185"]
[PlyCount "87"]
[EventDate "2021.03.27"]
[EventType "team-tourn (rapid)"]
[EventRounds "9"]
[EventCountry "NET"]
[SourceTitle "CBM 201 Extra"]
[Source "ChessBase"]
[SourceDate "2021.05.31"]
[SourceVersion "1"]
[SourceVersionDate "2021.05.31"]
[SourceQuality "1"]
[WhiteTeam "Tehsil Idman"]
[BlackTeam "Monte Carlo II"]
[WhiteTeamCountry "AZE"]
[BlackTeamCountry "MNC"]

1. d4 Nf6 2. c4 c5 3. d5 e5 4. Nc3 d6 5. e4 Nbd7 6. Be2 Be7 7. Be3 a6 8. a4 Nf8 9. h4 h5 10. f3 N6h7 11. g3 g5 12. hxg5 Bxg5 13. f4 exf4 14. gxf4 Bh4+ 15. Kd2 Ng6 16. Bxh5 Nf6 17. Bf3 Qe7 18. Kc2 Bd7 19. f5 Ne5 20. Bg5 0-0-0 21. Rxh4 Rhg8 22. Nh3 Rxg5 23. Nxg5 Rg8 24. Qd2 Rxg5 25. Qxg5 Nxf3 26. Rh8+ Kc7 27. Qf4 Nd4+ 28. Kd3 Bc8 29. Qh4 Nf3 30. Qg3 Ne5+ 31. Kc2 Nxc4 32. Re1 Qe5 33. Qxe5 Nxe5 34. a5 Nf3 35. Rf1 Nd4+ 36. Kb1 Ng4 37. Rf8 Ne5 38. Rg1 Nb3 39. Rg7 Bd7 40. Rfxf7 Nxf7 41. Rxf7 Nxa5 42. e5 dxe5 43. Ne4 Nc4 44. Nxc5 1-0

[Event "FRA-chT Top 12"]
[Site "Brest"]
[Date "2019.05.27"]
[Round "10.4"]
[White "Barseghyan, Harutyun"]
[Black "Ribbegren, Karl Johan"]
[Result "1-0"]
[WhiteElo "2470"]
[BlackElo "2209"]
[PlyCount "85"]
[EventDate "2019.05.18"]
[EventType "team-tourn"]
[EventRounds "11"]
[EventCountry "FRA"]
[SourceTitle "CBM 190 Extra"]
[Source "ChessBase"]
[SourceDate "2019.07.15"]
[SourceVersion "1"]
[SourceVersionDate "2019.07.15"]
[SourceQuality "1"]
[WhiteTeam "Nice Alekhine"]
[BlackTeam "Monaco"]
[WhiteTeamCountry "FRA"]
[BlackTeamCountry "FRA"]

1. d4 Nf6 2. Nf3 c5 3. d5 g6 4. c4 Bg7 5. Nc3 0-0 6. e4 d6 7. Bd3 e5 8. h3 Na6 9. Bg5 h6 10. Be3 Nc7 11. Qd2 Kh7 12. g4 Ng8 13. Rg1 a6 14. a4 Bd7 15. a5 Rb8 16. h4 b5 17. axb6 Rxb6 18. h5 g5 19. Nh2 Qb8 20. Ra2 Qb7 21. Nd1 Rb4 22. Qc2 Ra8 23. Bd2 Rb3 24. Ba5 Ne8 25. Nf1 Qb8 26. Nd2 Rb7 27. Ne3 Bf6 28. Ke2 Bd8 29. Bc3 a5 30. Rga1 a4 31. Qd1 Ba5 32. Bc2 Nef6 33. f3 Bxc3 34. bxc3 Rb2 35. Bxa4 Rxa2 36. Rxa2 Qa7 37. Bb3 Qb7 38. Qa1 Rxa2 39. Qxa2 Ne7 40. Qa5 Qb8 41. Ba4 Bc8 42. Qd8 Neg8 43. Bb5 1-0

[Event "FRA-chT Top 12"]
[Site "Brest"]
[Date "2019.05.25"]
[Round "8.5"]
[White "Ribbegren, Karl Johan"]
[Black "Sokolov, Andrei"]
[Result "1/2-1/2"]
[WhiteElo "2209"]
[BlackElo "2496"]
[PlyCount "53"]
[EventDate "2019.05.18"]
[EventType "team-tourn"]
[EventRounds "11"]
[EventCountry "FRA"]
[SourceTitle "CBM 190 Extra"]
[Source "ChessBase"]
[SourceDate "2019.07.15"]
[SourceVersion "1"]
[SourceVersionDate "2019.07.15"]
[SourceQuality "1"]
[WhiteTeam "Monaco"]
[BlackTeam "Mulhouse"]
[WhiteTeamCountry "FRA"]
[BlackTeamCountry "FRA"]

1. c4 Nf6 2. g3 e6 3. Bg2 d5 4. Nf3 dxc4 5. Qc2 Nbd7 6. Na3 Nd5 7. Nxc4 Be7 8. 0-0 0-0 9. b3 c5 10. Bb2 b6 11. Rad1 Bb7 12. d4 b5 13. Nce5 Nxe5 14. Nxe5 Rc8 15. dxc5 Rxc5 16. Qd2 Qc7 17. Rc1 Rd8 18. Bd4 Nf6 19. Bxb7 Rxd4 20. Qxd4 Rxc1 21. Rxc1 Qxc1+ 22. Kg2 Qc5 23. Qxc5 Bxc5 24. Nd3 Bd6 25. e4 Ng4 26. h3 Ne5 27. Nxe5 1/2-1/2

[Event "EU Small Countries ol 6th"]
[Site "San Marino"]
[Date "2019.03.27"]
[Round "5.4"]
[White "De la Riva Aguado, Oscar"]
[Black "Ribbegren, Karl Johan"]
[Result "1-0"]
[WhiteElo "2459"]
[BlackElo "2248"]
[PlyCount "57"]
[EventDate "2019.03.24"]
[EventType "team-tourn"]
[EventRounds "9"]
[EventCountry "SMR"]
[SourceTitle "CBM 189 Extra"]
[Source "ChessBase"]
[SourceDate "2019.06.03"]
[SourceVersion "1"]
[SourceVersionDate "2019.06.03"]
[SourceQuality "1"]
[WhiteTeam "Andorra"]
[BlackTeam "Monaco"]
[WhiteTeamCountry "AND"]
[BlackTeamCountry "MNC"]

1. e4 Nf6 2. e5 Nd5 3. d4 d6 4. Nf3 dxe5 5. Nxe5 c6 6. Be2 Bf5 7. 0-0 Nd7 8. c4 Nb4 9. Ng4 Bg6 10. Ne3 e5 11. a3 Na6 12. dxe5 Nxe5 13. f4 Qxd1 14. Rxd1 Bxb1 15. Rxb1 Nd7 16. b4 g6 17. Bb2 Rg8 18. c5 Nc7 19. Nc4 Nd5 20. g3 f5 21. Bf3 N5f6 22. Nd6+ Bxd6 23. Rxd6 Rf8 24. Re1+ Kd8 25. b5 Ne4 26. Bxe4 fxe4 27. bxc6 bxc6 28. Rxe4 Rc8 29. Bc3 1-0

[Event "FRA-chT Top 12"]
[Site "Brest"]
[Date "2018.05.29"]
[Round "4"]
[White "Ribbegren, Karl Johan"]
[Black "Tregubov, Pavel V"]
[Result "0-1"]
[WhiteElo "2222"]
[BlackElo "2578"]
[PlyCount "34"]
[EventDate "2018.05.26"]
[EventType "team-tourn"]
[EventRounds "11"]
[EventCountry "FRA"]
[SourceTitle "EXT 2019"]
[Source "ChessBase"]
[SourceDate "2018.10.10"]
[SourceVersion "1"]
[SourceVersionDate "2018.10.10"]
[SourceQuality "1"]
[WhiteTeam "Cemc Monaco"]
[BlackTeam "Clichy Echecs 92"]
[WhiteTeamCountry "MNC"]
[BlackTeamCountry "FRA"]

1. g3 c5 2. Bg2 Nc6 3. d3 d5 4. Nf3 e5 5. 0-0 Nf6 6. Na3 Be7 7. e4 0-0 8. exd5 Nxd5 9. Nc4 f6 10. Re1 Bg4 11. c3 Kh8 12. h3 Bh5 13. Qe2 Qc7 14. Ne3 Nxe3 15. Bxe3 f5 16. Bc1 c4 17. Qf1 cxd3 0-1

[Event "FRA-chT Top 12"]
[Site "Brest"]
[Date "2018.05.28"]
[Round "3"]
[White "Terrieux, Kevin"]
[Black "Ribbegren, Karl Johan"]
[Result "1-0"]
[WhiteElo "2462"]
[BlackElo "2222"]
[PlyCount "73"]
[EventDate "2018.05.26"]
[EventType "team-tourn"]
[EventRounds "11"]
[EventCountry "FRA"]
[SourceTitle "EXT 2019"]
[Source "ChessBase"]
[SourceDate "2018.10.10"]
[SourceVersion "1"]
[SourceVersionDate "2018.10.10"]
[SourceQuality "1"]
[WhiteTeam "Metz Fischer"]
[BlackTeam "Cemc Monaco"]
[WhiteTeamCountry "FRA"]
[BlackTeamCountry "MNC"]

1. d4 Nf6 2. c4 c5 3. d5 e5 4. Nc3 d6 5. e4 Nbd7 6. Be2 Be7 7. Nf3 Nf8 8. 0-0 Ng6 9. a3 h5 10. b4 b6 11. Rb1 h4 12. h3 Kf8 13. Bd2 Nd7 14. Qc1 Nf6 15. Ne1 Nh5 16. Nd3 Bf6 17. bxc5 bxc5 18. Rb3 Bd7 19. Re1 a6 20. Bf1 Rb8 21. Rxb8 Qxb8 22. Qc2 Nhf4 23. Rb1 Qc8 24. Rb6 Ke7 25. Qb1 Nxd3 26. Bxd3 Nf4 27. Be2 Rd8 28. Bd1 Bxh3 29. Bxf4 exf4 30. gxh3 Qxh3 31. Rb7+ Ke8 32. e5 Bxe5 33. Qh7 Rd7 34. Ba4 Qg4+ 35. Kf1 Qh3+ 36. Ke2 Qg4+ 37. Kd2 1-0

[Event "FRA-chT Top 12"]
[Site "Brest"]
[Date "2018.05.26"]
[Round "1"]
[White "Dionisi, Thomas"]
[Black "Ribbegren, Karl Johan"]
[Result "0-1"]
[WhiteElo "2399"]
[BlackElo "2222"]
[PlyCount "78"]
[EventDate "2018.05.26"]
[EventType "team-tourn"]
[EventRounds "11"]
[EventCountry "FRA"]
[SourceTitle "EXT 2019"]
[Source "ChessBase"]
[SourceDate "2018.10.10"]
[SourceVersion "1"]
[SourceVersionDate "2018.10.10"]
[SourceQuality "1"]
[WhiteTeam "Bois Colombes"]
[BlackTeam "Cemc Monaco"]
[WhiteTeamCountry "FRA"]
[BlackTeamCountry "MNC"]

1. e4 c5 2. Nf3 g6 3. c3 Bg7 4. d4 cxd4 5. cxd4 d5 6. e5 Bg4 7. Bb5+ Nd7 8. h3 Bxf3 9. Qxf3 a6 10. Bd3 e6 11. Nc3 Qb6 12. Qe3 Ne7 13. Ne2 0-0 14. 0-0 Rac8 15. Bd2 Rc7 16. Bc3 Nc6 17. b4 Rfc8 18. Bd2 Qa7 19. a4 Nb6 20. b5 Ne7 21. bxa6 bxa6 22. Bb4 Nc4 23. Qf4 Nb2 24. Bb1 Nc6 25. Bc5 Qa8 26. Bd6 Rb7 27. Rc1 Na5 28. Rxc8+ Qxc8 29. Qc1 Nbc4 30. Ba2 Nb3 31. Bxb3 Rxb3 32. Rb1 Qb7 33. Rxb3 Qxb3 34. Qg5 h6 35. Qd8+ Kh7 36. Ng3 Qd1+ 37. Kh2 Qxd4 38. Qc7 Qxf2 39. Qb7 Ne3 0-1

[Event "EU Small Countries ol 5th"]
[Site "Andorra"]
[Date "2017.11.17"]
[Round "8.4"]
[White "Garcia Paolicchi, Raul"]
[Black "Ribbegren, Karl Johan"]
[Result "0-1"]
[WhiteElo "2150"]
[BlackElo "2252"]
[PlyCount "84"]
[EventDate "2017.11.12"]
[EventType "team-tourn"]
[EventRounds "9"]
[EventCountry "AND"]
[SourceTitle "CBM 181 Extra"]
[Source "ChessBase"]
[SourceDate "2017.12.12"]
[SourceVersion "1"]
[SourceVersionDate "2017.12.12"]
[SourceQuality "1"]
[WhiteTeam "Andorra"]
[BlackTeam "Monaco"]
[WhiteTeamCountry "AND"]
[BlackTeamCountry "MNC"]

1. d4 Nf6 2. c4 c5 3. d5 e5 4. Nc3 d6 5. e4 Nbd7 6. Bd3 Be7 7. Nge2 h5 8. h3 h4 9. Be3 a6 10. Qd2 Nf8 11. a3 Nh5 12. Qc2 Ng6 13. Qd2 Bd7 14. 0-0-0 Rb8 15. a4 Qa5 16. b3 Nhf4 17. Rhg1 Nxd3+ 18. Qxd3 b5 19. axb5 axb5 20. cxb5 Bxb5 21. Nxb5 Rxb5 22. Kb2 Nf4 23. Nxf4 exf4 24. Bd2 Bf6+ 25. Bc3 c4 26. Qxc4 Rc5 27. e5 Bxe5 28. Rge1 Rxc4 29. Rxe5+ dxe5 30. Bxa5 Re4 31. Rd2 Kd7 32. Bb6 Rb8 33. Bc5 Rc4 34. Rc2 Rxc2+ 35. Kxc2 f5 36. b4 g5 37. f3 g4 38. Kc3 e4 39. hxg4 exf3 40. gxf3 h3 41. Bg1 fxg4 42. fxg4 f3 0-1

[Event "EU-Cup 32nd"]
[Site "Novi Sad"]
[Date "2016.11.10"]
[Round "5.2"]
[White "Delaney, Killian"]
[Black "Ribbegren, Karl Johan"]
[Result "0-1"]
[WhiteElo "2227"]
[BlackElo "2248"]
[PlyCount "94"]
[EventDate "2016.11.06"]
[EventType "team-swiss"]
[EventRounds "7"]
[EventCountry "SRB"]
[SourceTitle "CBM 176"]
[Source "ChessBase"]
[SourceDate "2017.01.17"]
[SourceVersion "1"]
[SourceVersionDate "2017.01.17"]
[SourceQuality "1"]
[WhiteTeam "Gonzaga"]
[BlackTeam "Monte Carlo"]
[WhiteTeamCountry "IRL"]
[BlackTeamCountry "MNC"]

1. e4 Nf6 2. e5 Nd5 3. d4 Nb6 4. a4 a5 5. Nf3 d5 6. Bd3 Bg4 7. h3 Bxf3 8. Qxf3 e6 9. Qg3 c5 10. dxc5 N6d7 11. Nc3 Nxc5 12. 0-0 Nc6 13. Nb5 Qd7 14. Re1 Nxd3 15. cxd3 Bb4 16. Qxg7 0-0-0 17. Nd6+ Kb8 18. Bg5 Rdg8 19. Qf6 Rg6 20. Qf4 Rhg8 21. Bh4 f6 22. Nb5 Bxe1 23. Rxe1 Rxg2+ 24. Kh1 fxe5 25. Qf3 R2g7 26. Bg3 Rf7 27. Qe3 d4 28. Bxe5+ Ka8 29. Qd2 b6 30. Bg3 e5 31. Kh2 h5 32. Re4 Rf3 33. Qe2 Qf7 34. Nd6 Qf6 35. Kg2 Rfxg3+ 36. fxg3 Qxd6 37. Qxh5 Rf8 38. h4 Qf6 39. Qe2 Ka7 40. Rg4 Rf7 41. Rg5 Nb4 42. Rxe5 Nxd3 43. Re4 Nc5 44. Rf4 Qc6+ 45. Kh3 Qh1+ 46. Kg4 Rg7+ 47. Kf5 Qd5+ 0-1

[Event "EU-Cup 32nd"]
[Site "Novi Sad"]
[Date "2016.11.09"]
[Round "4.2"]
[White "Ribbegren, Karl Johan"]
[Black "Westerinen, Heikki MJ"]
[Result "1-0"]
[WhiteElo "2248"]
[BlackElo "2311"]
[PlyCount "63"]
[EventDate "2016.11.06"]
[EventType "team-swiss"]
[EventRounds "7"]
[EventCountry "SRB"]
[SourceTitle "CBM 176"]
[Source "ChessBase"]
[SourceDate "2017.01.17"]
[SourceVersion "1"]
[SourceVersionDate "2017.01.17"]
[SourceQuality "1"]
[WhiteTeam "Monte Carlo"]
[BlackTeam "Salon Shakkikerho"]
[WhiteTeamCountry "MNC"]
[BlackTeamCountry "FIN"]

1. d4 Nf6 2. c4 g6 3. Nc3 Bg7 4. e4 d6 5. f4 0-0 6. Nf3 c5 7. dxc5 Qa5 8. Bd3 Qxc5 9. Qe2 Nc6 10. Be3 Qa5 11. 0-0 Bd7 12. Rac1 Rac8 13. h3 e6 14. Qf2 Rfd8 15. Rfd1 Be8 16. a3 Qc7 17. Nb5 Qe7 18. e5 Nd7 19. Nxd6 Rb8 20. b4 Nb6 21. b5 Na5 22. Bxb6 axb6 23. Qxb6 Ra8 24. c5 f6 25. Be4 fxe5 26. fxe5 Bh6 27. Rc3 Rdb8 28. Nxe8 Qxe8 29. Rd6 Bf8 30. Rxe6 Qd7 31. Rd3 Qc8 32. Rxg6+ 1-0

[Event "Olympiad-42"]
[Site "Baku"]
[Date "2016.09.06"]
[Round "5.4"]
[White "Taalaibekov, Tagir"]
[Black "Ribbegren, Karl Johan"]
[Result "0-1"]
[WhiteElo "2223"]
[BlackElo "2267"]
[PlyCount "82"]
[EventDate "2016.09.02"]
[EventType "team-swiss"]
[EventRounds "11"]
[EventCountry "AZE"]
[SourceTitle "CBM 175"]
[Source "ChessBase"]
[SourceDate "2016.11.10"]
[SourceVersion "1"]
[SourceVersionDate "2016.11.10"]
[SourceQuality "1"]
[WhiteTeam "Kyrgyzstan"]
[BlackTeam "Monaco"]
[WhiteTeamCountry "KGZ"]
[BlackTeamCountry "MNC"]

1. d4 Nf6 2. Nf3 c5 3. d5 d6 4. c4 e5 5. Nc3 Nbd7 6. e4 a6 7. h3 Be7 8. Be3 Nf8 9. Qd2 Ng6 10. g3 Bd7 11. b3 b5 12. Qc2 Rb8 13. Nd2 Qc8 14. Ne2 Nh5 15. Qc3 0-0 16. Rc1 Bf6 17. Qc2 Bd8 18. Qc3 Bf6 19. Qc2 Qd8 20. b4 cxb4 21. c5 dxc5 22. Bxc5 Rc8 23. Qd3 Be7 24. d6 Bg5 25. Bg2 a5 26. 0-0 Rc6 27. Be3 Bxe3 28. fxe3 Qb6 29. Rxc6 Bxc6 30. g4 Nf6 31. Ng3 Nf4 32. Rxf4 exf4 33. Nf5 fxe3 34. Nxe3 Rd8 35. Kh2 Qc5 36. Nf5 Qe5+ 37. Kh1 Kf8 38. g5 Nh5 39. Qf3 g6 40. Nh6 Qf4 41. Nb3 Bxe4 0-1

[Event "Francophone-ch rapid 3rd"]
[Site "Geneve"]
[Date "2016.07.02"]
[Round "3"]
[White "Vernay, Clovis"]
[Black "Ribbegren, Karl Johan"]
[Result "1-0"]
[WhiteElo "2507"]
[BlackElo "2267"]
[PlyCount "95"]
[EventDate "2016.07.02"]
[EventType "swiss (rapid)"]
[EventRounds "15"]
[EventCountry "SUI"]
[SourceTitle "CBM 173 Extra"]
[Source "ChessBase"]
[SourceDate "2016.08.29"]
[SourceVersion "1"]
[SourceVersionDate "2016.08.29"]
[SourceQuality "1"]

1. d4 d5 2. c4 e5 3. dxe5 d4 4. Nf3 Nc6 5. g3 Be6 6. b3 Nge7 7. Bg2 Qd7 8. 0-0 Ng6 9. e3 Bc5 10. exd4 Nxd4 11. Bb2 0-0-0 12. Nxd4 Bxd4 13. Qxd4 Qxd4 14. Bxd4 Rxd4 15. f4 Ne7 16. Nc3 Rd3 17. Ne4 b6 18. Rfd1 Rdd8 19. Kf2 h6 20. Nc3 Bg4 21. Rxd8+ Rxd8 22. Nd5 Ng8 23. h3 Bd7 24. Rd1 c6 25. Nb4 Ne7 26. g4 f6 27. exf6 gxf6 28. f5 a5 29. Nc2 h5 30. Bf3 hxg4 31. hxg4 Ng8 32. Nd4 Nh6 33. Kg3 Rg8 34. Kf4 Kc7 35. Ne6+ Kc8 36. Nd4 Kc7 37. c5 bxc5 38. Ne6+ Bxe6 39. fxe6 Rg7 40. Rh1 Ng8 41. Be4 Ne7 42. Rd1 Nc8 43. Bf5 Nd6 44. Rh1 c4 45. bxc4 Nxc4 46. Rh6 Nb6 47. Rxf6 Nd5+ 48. Ke5 1-0

[Event "EU Small Countries ol 4th"]
[Site "Saint Peter Port"]
[Date "2015.04.20"]
[Round "2.2"]
[White "Ribbegren, Karl Johan"]
[Black "Psaila, Clarence"]
[Result "1-0"]
[WhiteElo "2239"]
[BlackElo "2063"]
[PlyCount "79"]
[EventDate "2015.04.19"]
[EventType "team-tourn"]
[EventRounds "9"]
[EventCountry "GCI"]
[SourceTitle "CBM 166 Extra"]
[Source "ChessBase"]
[SourceDate "2015.06.18"]
[SourceVersion "1"]
[SourceVersionDate "2015.06.18"]
[SourceQuality "1"]
[WhiteTeam "Monaco"]
[BlackTeam "Malta"]
[WhiteTeamCountry "MNC"]
[BlackTeamCountry "MLT"]

1. Nf3 d6 2. e4 c5 3. Bb5+ Bd7 4. Bxd7+ Qxd7 5. c4 Nc6 6. 0-0 g6 7. d4 cxd4 8. Nxd4 Bg7 9. Be3 Nf6 10. f3 0-0 11. Nc3 Rfc8 12. b3 Qd8 13. Rc1 Qf8 14. Rc2 Bh6 15. Bf2 Bf4 16. Nde2 Bh6 17. Kh1 Nb4 18. Rb2 Bg7 19. Be3 Nd7 20. Rd2 Nf6 21. Nd4 Nc6 22. f4 h6 23. Qf3 Kh7 24. Bf2 Qh8 25. Nxc6 bxc6 26. e5 Ne8 27. Ne4 f5 28. exf6 Nxf6 29. Re1 Nxe4 30. Qxe4 Bf6 31. g4 Rc7 32. Rd3 Qg7 33. Rh3 Kg8 34. Qe6+ Qf7 35. Rxh6 Qxe6 36. Rxe6 Kf7 37. f5 gxf5 38. Rexf6+ exf6 39. Rh7+ Kg6 40. Rxc7 1-0